000 00500nam a2200181Ia 4500
003 LDD
008 190117s9999 xx 000 0 und d
020 _a8189068121
_c₹250
040 _cLDD
041 _ahi
082 _a8H3.7 या4668क
100 _aयादव, उषा
245 0 _aकथांतर
_cउषा यादव
260 _aदिल्ली
_bकिरण प्रकाशन
_c2007
300 _a256पृ.
904 _aReqst by : J.M.Parekh
942 _2ddc
_cH
999 _c167674
_d167674